Room for love / Andrea Meyer.
Available copies
- 2 of 2 copies available at LARL/NWRL Consortium.
Current holds
0 current holds with 2 total copies.
Show Only Available Copies
| Location | Call Number / Copy Notes | Barcode | Shelving Location | Status | Due Date |
|---|---|---|---|---|---|
| Roseau Public Library | MEY (Text) | 35500006043036 | Main | Available | - |
| Thief River Falls Public Library | MEY (Text) | 35500004204796 | Main | Available | - |
Record details
- ISBN: 9780312370787 (pbk.)
- ISBN: 0312370784 (pbk.)
- Physical Description: viii, 291 p. ; 21 cm.
- Edition: 1st ed.
- Publisher: New York : St. Martin's Griffin, c2007.
Search for related items by subject
| Subject: | New York (N.Y.) > Fiction. |
| Genre: | Chick lit. Love stories. |
| LDR | 00829cam a22002654a 4500 | ||
|---|---|---|---|
| 001 | 85478 | ||
| 003 | LARL_NWRL_CONSORTIUM | ||
| 005 | 20071004122645.0 | ||
| 008 | 070425s2007 nyu 000 1 eng | ||
| 010 | . | ‡a2007017430 | |
| 020 | . | ‡a9780312370787 (pbk.) | |
| 020 | . | ‡a0312370784 (pbk.) | |
| 040 | . | ‡aDLC ‡cDLC ‡dDLC | |
| 042 | . | ‡apcc | |
| 043 | . | ‡an-us-ny | |
| 082 | 0 | 0. | ‡a813/.6 ‡222 |
| 100 | 1 | . | ‡aMeyer, Andrea, ‡d1968- ‡0(LARL_NWRL_CONSORTIUM)206094 |
| 245 | 1 | 0. | ‡aRoom for love / ‡cAndrea Meyer. |
| 250 | . | ‡a1st ed. | |
| 260 | . | ‡aNew York : ‡bSt. Martin's Griffin, ‡cc2007. | |
| 300 | . | ‡aviii, 291 p. ; ‡c21 cm. | |
| 651 | 0. | ‡aNew York (N.Y.) ‡vFiction. ‡0(LARL_NWRL_CONSORTIUM)166410 | |
| 655 | 0. | ‡aChick lit. | |
| 655 | 7. | ‡aLove stories. ‡2gsafd | |
| 901 | . | ‡a85478 ‡bISxN ‡c85478 ‡tbiblio | |

Add to basket
Permalink
Enable Highlighting